An economic blueprint for Ghana (Record no. 518)
[ view plain ]
| 000 -LEADER | |
|---|---|
| fixed length control field | 00451nam a2200169Ia 4500 |
| 008 - FIXED-LENGTH DATA ELEMENTS--GENERAL INFORMATION | |
| fixed length control field | 240428s9999||||xx |||||||||||||| ||und|| |
| 020 ## - INTERNATIONAL STANDARD BOOK NUMBER | |
| International Standard Book Number | 9964978952 |
| 041 ## - LANGUAGE CODE | |
| Language code of text/sound track or separate title | eng |
| 082 ## - DEWEY DECIMAL CLASSIFICATION NUMBER | |
| Classification number | 330.9A |
| 100 ## - MAIN ENTRY--PERSONAL NAME | |
| Personal name | Anin, T. E. |
| 245 #3 - TITLE STATEMENT | |
| Title | An economic blueprint for Ghana |
| 260 ## - PUBLICATION, DISTRIBUTION, ETC. | |
| Name of publisher, distributor, etc. | Woeli Publishing Services |
| Place of publication, distribution, etc. | Accra |
| Date of publication, distribution, etc. | 2003 |
| 300 ## - PHYSICAL DESCRIPTION | |
| Extent | 159p, tabs, photos |
| 650 ## - SUBJECT ADDED ENTRY--TOPICAL TERM | |
| Topical term or geographic name entry element | Ghana -- Economic policy. - Economic conditions -- 1979 |
| 942 ## - ADDED ENTRY ELEMENTS (KOHA) | |
| Koha item type | Books |
| Withdrawn status | Lost status | Damaged status | Not for loan | Home library | Current library | Shelving location | Date acquired | Total checkouts | Full call number | Date last seen | Copy number | Price effective from | Koha item type |
|---|---|---|---|---|---|---|---|---|---|---|---|---|---|
| Main Library | Main Library | Open Shelves | 25/01/2022 | 330.9A 1282 C1 - 330.9A 1217 C2 - 330.9A 1218 C3 - 330.9A 1283 C4 - 330.9A 1284 C5 - 330.9A 1219 C6 | 29/04/2024 | 1 | 29/04/2024 | Books |